01267nam a2200289 i 4500001000300000003000400003005001700007008004100024015001700065040001400082041001800096080001700114100004100131245008900172260004600261300003600307490008000343500008700423504002500510546002600535650002300561650001700584710010200601830006500703856009800768856011100866bgBPK20200513112528.0970510s1992 pl a |000 0 pol  aPB 1993/9820 aWA NcBPK0 apolbengbger a621.926/.9291 aPiecuch, Tadeuszd(1946-2018)eAutor10aAnaliza studialna procesu rozdziału w wirówce sedymentacyjnej /cTadeusz Piecuch. aKoszalin :bWydaw. Uczelniane WSI,c1992. a102 s. :brys., wykr. ;c24 cm.1 aMonografie / Wyższa Szkoła Inżynierska w Koszalinie,x0239-7129 ;v39. aNa s. red. nazwa serii : Monografia Wydziału Inżynierii Lądowej i Sanitarnej. aBibliogr. s. 88-89.  aStreszcz. ang., niem. 4aWirówkaxteoria. 4aSedymentacja2 aWydawnictwo Uczelniane (Wyższa Szkoła Inżynierska ; Koszalin)bWydawnictwo Uczelniane.4pbl. 0aMonografie - Wyższa Szkoła Inżynierska, Koszalin ;v39. uhttp://koha.tu.koszalin.pl/cgi-bin/koha/opac-detail.pl?biblionumber=30156yKatalog online BPK uhttp://dlibra.tu.koszalin.pl/dlibra/docmetadata?id=566&from=&dirids=1&ver_id=&lp=1&QI=yBiblioteka Cyfrowa